[Event "Belovo"]
[Site "Belovo"]
[Date "2006.??.??"]
[Round "?"]
[White "Gutov, Andrey"]
[Black "Ruizhov, Vladimir"]
[Result "1-0"]
[WhiteElo "2278"]
[BlackElo "2319"]
[PlyCount "35"]
[EventDate "2006.??.??"]
[EventType "tourn"]
[EventRounds "16"]
[EventCountry "RUS"]
[SourceTitle "EXT 2008"]
[Source "ChessBase"]
[SourceDate "2007.11.25"]
[SourceVersion "1"]
[SourceVersionDate "2007.11.25"]
[SourceQuality "1"]

1. d4 Nf6 2. c4 e6 3. Nc3 d5 4. cxd5 exd5 5. Bg5 Be7 6. e3 0-0 7. Bd3 Nbd7 8. Qc2 c5 9. Nf3 c4 10. Bf5 Re8 11. 0-0 Nf8 12. Bxf6 Bxf6 13. Bxc8 Rxc8 14. Qf5 g6 15. Qxd5 Qb6 16. Ne4 Rxe4 17. Qxe4 Qxb2 18. Rfb1 1-0

[Event "Belovo"]
[Site "Belovo"]
[Date "2006.??.??"]
[Round "?"]
[White "Ruizhov, Vladimir"]
[Black "Gutov, Andrey"]
[Result "0-1"]
[WhiteElo "2319"]
[BlackElo "2278"]
[PlyCount "56"]
[EventDate "2006.??.??"]
[EventType "tourn"]
[EventRounds "16"]
[EventCountry "RUS"]
[SourceTitle "EXT 2008"]
[Source "ChessBase"]
[SourceDate "2007.11.25"]
[SourceVersion "1"]
[SourceVersionDate "2007.11.25"]
[SourceQuality "1"]

1. e4 e5 2. Nf3 Nc6 3. Bb5 a6 4. Ba4 Nf6 5. 0-0 b5 6. Bb3 d6 7. c3 Be7 8. h3 Na5 9. Bc2 c5 10. d4 Qc7 11. Nbd2 0-0 12. d5 c4 13. Re1 Nb7 14. Nf1 Nc5 15. g4 h5 16. g5 Nh7 17. Ng3 Bxh3 18. Nh4 Bg4 19. f3 Bc8 20. Nxh5 g6 21. f4 exf4 22. Nxf4 Bxg5 23. Nf3 Bg4 24. Qe2 Bh4 25. Rf1 Ng5 26. Qg2 Nxf3+ 27. Rxf3 Bxf3 28. Qxf3 Qe7 0-1

[Event "Belovo"]
[Site "Belovo"]
[Date "2006.??.??"]
[Round "?"]
[White "Ruizhov, Vladimir"]
[Black "Popov, Vjacheslav"]
[Result "0-1"]
[WhiteElo "2319"]
[BlackElo "2000"]
[PlyCount "66"]
[EventDate "2006.??.??"]
[EventType "tourn"]
[EventRounds "16"]
[EventCountry "RUS"]
[SourceTitle "EXT 2008"]
[Source "ChessBase"]
[SourceDate "2007.11.25"]
[SourceVersion "1"]
[SourceVersionDate "2007.11.25"]
[SourceQuality "1"]

1. e4 c5 2. Nf3 g6 3. d4 Bg7 4. c3 Qb6 5. Be2 d6 6. d5 Nf6 7. Nbd2 0-0 8. 0-0 Bg4 9. a4 Nbd7 10. Nc4 Qc7 11. Nfd2 Bxe2 12. Qxe2 Rae8 13. Qd3 Ne5 14. Nxe5 dxe5 15. Nc4 Rd8 16. Ne3 Ne8 17. c4 Nd6 18. g4 Bh6 19. f3 Bf4 20. Kg2 b6 21. h4 Qd7 22. g5 f6 23. Ng4 Bxc1 24. Rfxc1 Kg7 25. Rh1 Nf7 26. gxf6+ exf6 27. h5 Ng5 28. b3 Ne6 29. hxg6 Nf4+ 30. Kg3 Nxd3 31. Rxh7+ Kxg6 32. Rh6+ Kg5 33. Rah1 Nf4 0-1